|
|
|
|
| LEADER |
01089nam a22002774a 4500 |
| 001 |
7081 |
| 003 |
BD-DhAAL |
| 005 |
20150312111206.0 |
| 008 |
150312s2005 maua 001 0 eng |
| 010 |
|
|
|a 2003067540
|
| 020 |
|
|
|a 0070390800
|
| 020 |
|
|
|a 0071111867 (International ed.)
|
| 040 |
|
|
|a DLC
|c DLC
|d DLC
|d BD-DhAAL
|
| 050 |
0 |
0 |
|a QM23.2
|b .S25 2005
|
| 082 |
0 |
0 |
|a 611
|2 22
|
| 100 |
1 |
|
|a Saladin, Kenneth S.
|9 9468
|
| 245 |
1 |
0 |
|a Human anatomy /
|c Kenneth S. Saladin.
|
| 260 |
|
|
|a Boston :
|b McGraw-Hill Higher Education,
|c c2005.
|
| 300 |
|
|
|a xv, 762, [22] p. :
|b ill. (some col.) ;
|c 29 cm.
|
| 500 |
|
|
|a Includes index.
|
| 541 |
|
|
|e 7081
|
| 650 |
|
0 |
|a Human anatomy.
|9 8178
|
| 942 |
|
|
|2 ddc
|c BK
|
| 999 |
|
|
|c 33992
|d 33992
|
| 952 |
|
|
|0 0
|1 0
|2 ddc
|4 0
|6 611_000000000000000_SAL
|7 0
|9 53050
|a SCL
|b SCL
|c GEN
|d 2015-03-12
|e Gift: The Asia Foundation
|l 4
|m 5
|o 611 SAL
|p 3020007081
|r 2025-11-22
|s 2025-11-13
|t 1
|w 2015-03-12
|y BK
|
| 952 |
|
|
|0 0
|1 0
|2 ddc
|4 0
|6 611_000000000000000_SAL
|7 0
|9 53720
|a SCL
|b SCL
|c GEN
|d 2015-05-14
|e Gift: The Asia Foundation
|l 6
|m 20
|o 611 SAL
|p 3020007082
|r 2024-03-19
|s 2024-03-11
|t 2
|w 2015-05-14
|y BK
|